000
00269nam a22001217a 4500
008
171124b xxu||||| |||| 00| 0 eng d
041
_a
eng
080
_a
61
100
_a
4
101
_a
MP
245
_a
DESIGN AND ANALYSIS OF EXPERIMENTS
_c
GILL,J.L
942
_2
udc
_c
BK
999
_c
38416
_d
38416